000 00340nam a2200133Ia 4500
008 150301s2015 xx 000 0 und d
082 _a615.1
_bL10S
100 _aSIDDIQUI, ANUS .A
245 _aLAB MANUAL SELECTED EXP. OF PHARMACEUTICAL ANALYSIS
260 _bCBS- DELHI
300 _a242
650 _aPHARMACEUTICS
942 _2ddc
_cBK
_05
999 _c7112
_d7112